Színházi fesztivál Szegeden Tavaszi Napforduló /
Elmentve itt :
| Szerző: | |
|---|---|
| Dokumentumtípus: | Cikk |
| Megjelent: |
1990-03-23
|
| Sorozat: | Délmagyarország
80 No. 69 |
| Kulcsszavak: | amatőr színpadok |
| Online Access: | http://dmarchiv.bibl.u-szeged.hu/97824 |
| LEADER | 00471nab a2200157 i 4500 | ||
|---|---|---|---|
| 001 | delm97824 | ||
| 005 | 20190926093238.0 | ||
| 008 | 190926s1990 hu o 0|| hun d | ||
| 040 | |a SZTE Délmagyarország Archívum |b hun | ||
| 041 | |a hun | ||
| 100 | 1 | |a Nagy Márta | |
| 245 | 1 | 0 | |a Színházi fesztivál Szegeden |h [elektronikus dokumentum] : |b Tavaszi Napforduló / |c Nagy Márta |
| 260 | |c 1990-03-23 | ||
| 300 | |a 1 | ||
| 490 | 0 | |a Délmagyarország |v 80 No. 69 | |
| 695 | |a amatőr színpadok | ||